[Event "ROU-ch Open 2021"]
[Site "Iasi"]
[Date "2021.04.24"]
[Round "8.8"]
[White "Nanu, Costica-Ciprian"]
[Black "Antonica, Dragos-Andrei"]
[Result "1-0"]
[WhiteElo "2503"]
[BlackElo "2291"]
[Annotator "ChessBase"]
[PlyCount "57"]
[EventDate "2021.04.19"]
[EventType "swiss"]
[EventCountry "ROU"]
[SourceTitle "playchess.com"]
[Source "ChessBase"]
[SourceQuality "1"]
[TimeControl "5400+30"]

1. d4 {[%emt 0:00:00]} Nf6 {[%emt 0:00:00]} 2. Nf3 {[%emt 0:00:12]} e6 {[%emt 0:00:03]} 3. c4 {[%emt 0:00:29]} b6 {[%emt 0:00:28]} 4. e3 {[%emt 0:00:17]} Bb7 {[%emt 0:00:32]} 5. Bd3 {[%emt 0:00:16]} Be7 {[%emt 0:01:33]} 6. O-O {[%emt 0:01:16]} O-O {[%emt 0:00:03]} 7. Nc3 {[%emt 0:00:05]} d5 {[%emt 0:00:06]} 8. cxd5 {[%emt 0:00:12]} exd5 {[%emt 0:00:21]} 9. b3 {[%emt 0:00:15]} Nbd7 {[%emt 0:00:39]} 10. Bb2 {[%emt 0:00:07]} Re8 {[%emt 0:01:31]} 11. Rc1 {[%emt 0:00:07]} a6 {[%emt 0:01:49]} 12. Ne5 {[%emt 0:01:11]} Bd6 {[%emt 0:19:42]} 13. f4 {[%emt 0:00:13]} c5 {[%emt 0:00:33]} 14. a4 {[%emt 0:02:25]} Nf8 {[%emt 0:14:06]} 15. Ne2 {[%emt 0:16:52]} Ne4 {[%emt 0:05:49]} 16. dxc5 {[%emt 0:02:52]} Bxc5 {[%emt 0:08:10]} 17. Nd4 {[%emt 0:00:37]} Ng6 {[%emt 0:14:46]} 18. b4 {[%emt 0:11:07]} Bf8 {[%emt 0:12:07]} 19. Nf5 {[%emt 0:06:06]} Nd6 {[%emt 0:07:11]} 20. Qh5 {[%emt 0:06:15]} Nxf5 {[%emt 0:06:14]} 21. Qxf5 {[%emt 0:00:11]} Qe7 {[%emt 0:01:09]} 22. Bd4 {[%emt 0:00:59]} Bc8 {[%emt 0:02:10]} 23. Qh5 {[%emt 0:00:10]} f5 {[%emt 0:01:04]} 24. Rxc8 {[%emt 0:01:26]} Raxc8 {[%emt 0:00:45]} 25. Bxf5 {[%emt 0:00:06]} Qh4 {[%emt 0:00:42]} 26. Bxg6 {[%emt 0:00:20]} Qxh5 {[%emt 0:00:02]} 27. Bxh5 {[%emt 0:00:07]} g6 {[%emt 0:00:50]} 28. Bf3 {[%emt 0:00:16]} Red8 {[%emt 0:00:10]} 29. Bxb6 {[%emt 0:00:15]} 1-0

[Event "ROU-ch Open 2021"]
[Site "Iasi"]
[Date "2021.04.24"]
[Round "8.9"]
[White "Filip, Lucian-Ioan"]
[Black "Gavrilescu, David"]
[Result "1/2-1/2"]
[WhiteElo "2442"]
[BlackElo "2476"]
[Annotator "ChessBase"]
[PlyCount "59"]
[EventDate "2021.04.19"]
[EventType "swiss"]
[EventCountry "ROU"]
[SourceTitle "playchess.com"]
[Source "ChessBase"]
[SourceQuality "1"]
[TimeControl "5400+30"]

1. Nf3 {[%emt 0:00:00]} d5 {[%emt 0:00:00]} 2. d4 {[%emt 0:00:00]} Nf6 {[%emt 0:00:00]} 3. c4 {[%emt 0:00:00]} e6 {[%emt 0:00:00]} 4. g3 {[%emt 0:00:00]} dxc4 {[%emt 0:00:00]} 5. Bg2 {[%emt 0:00:10]} a6 {[%emt 0:00:01]} 6. O-O {[%emt 0:00:50]} Nc6 {[%emt 0:00:04]} 7. Nbd2 {[%emt 0:01:14]} b5 {[%emt 0:00:13]} 8. b3 {[%emt 0:01:01]} c3 {[%emt 0:00:19]} 9. Nb1 {[%emt 0:02:12]} b4 {[%emt 0:00:10]} 10. a3 {[%emt 0:00:16]} Rb8 {[%emt 0:00:05]} 11. axb4 {[%emt 0:04:39]} Bxb4 {[%emt 0:00:05]} 12. Qd3 {[%emt 0:02:45]} e5 {[%emt 0:00:03]} 13. Nxc3 {[%emt 0:01:18]} exd4 {[%emt 0:00:21]} 14. Ne4 {[%emt 0:00:19]} Bf5 {[%emt 0:32:23]} 15. Nd6+ {[%emt 0:16:29]} Bxd6 {[%emt 0:01:43]} 16. Qxf5 {[%emt 0:02:04]} Rb6 {[%emt 0:00:51]} 17. e3 {[%emt 0:41:34]} Qd7 {[%emt 0:13:36]} 18. Qxd7+ {[%emt 0:06:58]} Kxd7 {[%emt 0:04:53]} 19. Nxd4 {[%emt 0:02:06]} Nxd4 {[%emt 0:05:52]} 20. exd4 {[%emt 0:00:03]} c6 {[%emt 0:00:10]} 21. Bd2 {[%emt 0:03:53]} Ra8 {[%emt 0:04:15]} 22. Rfc1 {[%emt 0:04:23]} Nd5 {[%emt 0:11:12]} 23. Ba5 {[%emt 0:00:28]} Rxb3 {[%emt 0:00:41]} 24. Bh3+ {[%emt 0:00:02]} Ke7 {[%emt 0:01:30]} 25. Rxc6 {[%emt 0:00:09]} Bb4 {[%emt 0:01:35]} 26. Bxb4+ {[%emt 0:07:14]} Rxb4 {[%emt 0:00:21]} 27. Re1+ {[%emt 0:00:18]} Kf8 {[%emt 0:00:02]} 28. Bg2 {[%emt 0:00:08]} Ne7 {[%emt 0:00:19]} 29. Rd6 {[%emt 0:03:13]} Re8 {[%emt 0:01:47]} 30. Rxa6 {[%emt 0:00:43]} 1/2-1/2

[Event "ROU-ch Open 2021"]
[Site "Iasi"]
[Date "2021.04.24"]
[Round "8.10"]
[White "Stoleriu, George"]
[Black "Padurariu, Mihai-Edward"]
[Result "1-0"]
[WhiteElo "2349"]
[BlackElo "2084"]
[Annotator "TA"]
[PlyCount "122"]
[EventDate "2021.04.19"]
[EventType "swiss"]
[EventCountry "ROU"]
[SourceTitle "playchess.com"]
[Source "ChessBase"]
[SourceQuality "1"]

{[%evp 9,122,18,18,19,17,13,25,-10,-8,-50,-26,-24,-16,-33,-15,-28,0,-17,0,-14,-14,-40,12,14,17,7,15,13,50,50,58,49,52,18,18,18,17,15,5,0,45,52,83,83,88,87,114,101,89,40,45,-63,-60,-49,-13,-95,-89,-96,-97,-185,0,-10,0,0,0,0,0,0,0,0,0,0,0,0,0,0,0,-3,0,0,0,0,80,8,8,0,26,27,14,14,1289,1327,1292,1200,1006,900,900,794,615,330,285,8,8,8,8,8,622,592,5612,5260,4631,4622,29982,29983,29995]} 1. e4 c5 2. Nf3 Nc6 3. Bb5 g6 4. Bxc6 bxc6 5. d4 Bg7 6. dxc5 {B31: Sicilian: 2...Nc6 3 Bb5 g6.} Qa5+ 7. Nbd2 Qxc5 {[#]} 8. c4 $146 {White has an edge.} ({Predecessor:} 8. O-O d6 9. Re1 f6 10. a3 Nh6 11. b4 Qh5 12. c4 O-O 13. Qa4 Bd7 14. Nf1 {½-½ (45) Anand,V (2756)-Carlsen,M (2882) Saint Louis 2019}) 8... a5 9. Rb1 Nh6 10. O-O O-O 11. h3 d6 12. b3 f5 13. Re1 e5 14. Bb2 Nf7 15. Qc1 Qa7 (15... Re8 $15) 16. c5 $1 $11 fxe4 17. Nxe4 d5 18. Nd6 {[%cal Rf3e5]} Nxd6 (18... d4 {seems wilder.} 19. Qc4 Ba6 20. Qe6 Bc8 21. Nxc8 Rfxc8 22. Nxe5 Re8) 19. cxd6 Bf5 20. Qxc6 Bxb1 21. Qxd5+ (21. Rxb1 {with more complications.} d4 22. Ng5 Bf6 23. Qc4+ Kh8 24. Ne6) 21... Qf7 22. Qxf7+ Rxf7 23. Rxb1 Rd7 24. Rd1 Ra6 25. Ba3 Rc6 26. Rd5 Rc2 27. Rxa5 h6 28. Bb4 e4 29. Nd2 Rb7 {[#]} 30. Ra8+ (30. Rc5 $1 $14 Rxa2 31. Ba5) 30... Kf7 $15 31. Ba5 Be5 32. g4 (32. Kf1 $1 $11 {keeps the balance.}) 32... e3 $1 $17 {[%cal Re3d2]} 33. fxe3 Bxd6 34. a4 (34. Rd8 $17 {was called for.} Be7 35. Rd3) 34... Rd7 $2 ({Black should play} 34... Bc5 $19 35. Kf1 Bxe3) 35. Kf1 Ba3 36. Ke1 Bc1 {[%cal Rc1d2]} 37. Nf3 {Hoping for Ne5+.} Bb2 38. Bd2 Rcxd2 39. Nxd2 $11 {[%mdl 4096] Endgame KRB-KRN} Bc3 40. Rc8 Bxd2+ {KRB-KR} 41. Ke2 Bb4 42. Rb8 Bd6 43. Rb6 Ke6 44. a5 Kd5 45. Kd3 h5 {[#]} (45... Bc5 $11 {remains equal.} 46. Rxg6 Re7) 46. gxh5 (46. b4 $1 $16) 46... gxh5 47. b4 h4 48. e4+ Ke5 49. Rb5+ Kf4 $2 {[%mdl 8192]} (49... Ke6 $11) 50. Rd5 $18 Rb7 51. Rxd6 Rxb4 {KR-KR} 52. Rf6+ Ke5 53. Rf5+ Ke6 54. Rc5 Ra4 55. Ke3 $2 (55. Rh5 $18) 55... Ra3+ $11 56. Kf4 {And now Rh5 would win.} Rxh3 57. Rc6+ Kd7 $2 {[%mdl 8192]} (57... Kf7 $11) 58. Rh6 $18 Ra3 59. a6 {[%cal Ba5a6,Ba6a7][%mdl 32]} h3 60. a7 $1 Kc7 {[#]} 61. Rxh3 $1 {[%mdl 512]} Kd6 {Weighted Error Value: White=0.33/Black=0.49} (61... Ra1 62. Rh8) 1-0

[Event "ROU-ch Open 2021"]
[Site "Iasi"]
[Date "2021.04.24"]
[Round "8.11"]
[White "Ghimpu, Samuel-Timotei"]
[Black "Stepanencu, Nicodim-Cosmin"]
[Result "1-0"]
[WhiteElo "2315"]
[BlackElo "2104"]
[Annotator "NA"]
[PlyCount "59"]
[EventDate "2021.04.19"]
[EventType "swiss"]
[EventCountry "ROU"]
[SourceTitle "playchess.com"]
[Source "ChessBase"]
[SourceQuality "1"]
[TimeControl "5400+30"]

1. e4 {[%emt 0:00:00]} c5 {[%emt 0:00:00]} 2. Nf3 {[%emt 0:00:00]} d6 {[%emt 0:00:00]} 3. d4 {[%emt 0:00:00]} cxd4 {[%emt 0:00:00]} 4. Nxd4 {[%emt 0:00:02]} Nf6 {[%emt 0:00:00]} 5. Nc3 {[%emt 0:00:04]} a6 {[%emt 0:00:00]} 6. Bc4 {[%emt 0:00:04]} e6 {[%emt 0:02:28]} 7. Bb3 {[%emt 0:00:06]} b5 {[%emt 0:00:53]} 8. O-O {[%emt 0:00:07]} Qb6 {[%emt 0:03:12]} 9. Re1 {[%emt 0:08:12]} Be7 {[%emt 0:10:56]} 10. Be3 {[%emt 0:03:52]} Qb7 {[%emt 0:00:06]} 11. a3 {[%emt 0:18:27]} Nbd7 {[%emt 0:09:12]} 12. Qf3 {[%emt 0:00:00]} O-O {[%emt 0:18:05]} 13. Qg3 {[%emt 0:00:52]} Re8 {[%emt 0:00:45]} 14. Nf3 {[%emt 0:10:06]} Qc7 {[%emt 0:34:27]} 15. Rad1 {[%emt 0:02:41]} Ne5 {[%emt 0:01:42]} 16. Nd4 {[%emt 0:17:58]} Bf8 {[%emt 0:06:23]} 17. f4 {[%emt 0:15:39]} Nc4 {[%emt 0:01:45]} 18. Bxc4 {[%emt 0:00:54]} Qxc4 {[%emt 0:00:17]} 19. e5 {[%emt 0:00:40]} Nd7 {[%emt 0:03:54]} 20. exd6 {[%emt 0:00:37]} Bxd6 {[%emt 0:02:30]} 21. Ndxb5 {[%emt 0:01:46]} Bf8 {[%emt 0:03:07]} 22. Nd6 {[%emt 0:00:56]} Bxd6 {[%emt 0:00:01]} 23. Rxd6 {[%emt 0:00:07]} Qc7 {[%emt 0:00:59]} 24. Red1 {[%emt 0:00:06]} Nf8 {[%emt 0:00:20]} 25. Ne4 {[%emt 0:03:33]} Ng6 {[%emt 0:00:08]} 26. f5 {[%emt 0:00:16]} exf5 {[%emt 0:00:52]} 27. Rxg6 {[%emt 0:00:04]} Qxg3 {[%emt 0:00:03]} 28. Nf6+ {[%emt 0:00:03]} Kh8 {[%emt 0:00:45]} 29. Rxg3 {[%emt 0:00:01]} gxf6 {[%emt 0:00:41]} 30. Bd4 1-0

[Event "ROU-ch Open 2021"]
[Site "Iasi"]
[Date "2021.04.24"]
[Round "8.12"]
[White "Antal, Hunor-Zoltan"]
[Black "Filip, Andrei (L.)"]
[Result "1/2-1/2"]
[WhiteElo "2023"]
[BlackElo "2168"]
[Annotator "TA"]
[PlyCount "152"]
[EventDate "2021.04.19"]
[EventType "swiss"]
[EventCountry "ROU"]
[SourceTitle "playchess.com"]
[Source "ChessBase"]
[SourceQuality "1"]

{[%evp 13,152,-8,-6,-8,-3,-7,0,-9,-6,-38,-27,-42,-11,-15,-4,-6,-8,-9,-11,-57,-62,-60,-53,-55,-47,-197,-108,-116,-127,-127,-92,-140,-140,-168,-167,-178,-142,-171,-162,-177,-146,-142,-137,-118,-94,-95,-86,-99,-91,-116,-69,-62,-59,-49,-54,-96,-96,-93,-85,-50,-48,-60,-45,-45,-35,-53,0,-45,-45,-156,0,-47,0,-52,-80,-63,-39,-39,-39,-47,-45,-163,0,0,0,-14,0,0,0,0,0,0,0,0,0,0,0,0,0,0,0,0,0,0,0,0,0,0,0,0,0,0,0,0,0,0,0,0,0,0,0,0,0,0,0,0,0,0,0,0,0,0,0,0,0,0,0,0,0,0,0]} 1. e4 c5 2. Nf3 e6 3. d4 cxd4 4. Nxd4 Nc6 5. Be3 Nf6 6. Nc3 Bb4 7. Nxc6 bxc6 8. Bd3 {B45: Sicilian Four Knights.} e5 9. O-O O-O 10. Na4 d5 {[#]} 11. Bc5 $146 ({Predecessor:} 11. c3 Bd6 12. f3 Qe7 13. b4 dxe4 14. Bxe4 Nxe4 15. fxe4 Ba6 16. Rf2 Bc4 17. Rd2 {½-½ (33) Robertson,D (2202)-Rolle,H (2258) ICCF email 2015}) 11... Bxc5 12. Nxc5 Qe7 13. b4 dxe4 14. Nxe4 Nd5 15. a3 a5 16. b5 cxb5 17. Bxb5 Bb7 18. Re1 Rad8 19. Qh5 (19. Qb1 $15) 19... f5 (19... Nf4 $19 20. Qg5 f6) 20. Ng5 $17 {[%csl Gg5][%cal Rh5h7] [#]} h6 21. Nh3 Kh7 22. Bc4 Qf6 23. Rab1 Bc6 24. Bxd5 Bxd5 25. Qe2 Rfe8 26. c4 Be4 27. Rbd1 Rxd1 28. Rxd1 Rc8 29. f3 Bb7 30. Nf2 Ba6 31. Nd3 Bxc4 32. Qxe5 Qb6+ 33. Nf2 Be6 34. h3 Rc2 35. Qd4 Qxd4 36. Rxd4 {[%mdl 4096] Endgame KRB-KRN} Bb3 37. Nd3 Rd2 38. Rd7 $1 Ba4 39. Rd5 Bb3 40. Rd7 Be6 41. Rd4 ({Only move:} 41. Re7 $1 $15) 41... Bb3 (41... f4 $17 42. h4 Bf5 43. Rxf4 Bxd3) 42. Rd7 $1 $15 Ba4 43. Rd5 Bc6 44. Rc5 Rxd3 (44... Bxf3 {keeps more tension.} 45. Nf4 Be4 46. Rxa5 g5 47. Ra7+ Kg8) 45. Rxc6 Rxa3 {Hoping for ...f4. KR-KR} 46. Ra6 a4 47. Kf2 (47. Kh2 $15) 47... Ra2+ $2 (47... f4 $19 {aiming for ...Ra2+.} 48. h4 Ra2+ 49. Ke1 a3) 48. Kg3 $1 $11 {The position is equal.} g5 {And now ...a3 would win.} 49. h4 a3 50. Ra7+ Kg6 51. Ra6+ Kg7 52. Ra7+ Kg6 {Strongly threatening ...f4+.} 53. Ra6+ Kh5 54. hxg5 hxg5 55. Kh3 {[#] Intending g4+ and mate.} f4 56. g4+ fxg3 57. Kxg3 Ra1 58. Kf2 Ra2+ (58... a2 $5 59. Kg2 $8 Rd1 60. Rxa2 Rd3 $11) 59. Kg3 Ra1 60. Kf2 a2 {Threatens to win with ...Rh1.} 61. Kg2 $1 g4 62. Ra5+ Kh4 63. Ra4 Kh5 {White must now prevent ...gxf3+.} 64. fxg4+ Kh4 65. Kh2 Kg5 66. Kg2 Kf6 67. Kh2 (67. Ra6+ {feels hotter.} Kg7 68. Ra7+ Kf6 69. Ra6+) 67... Kg6 68. Kg2 Kg5 69. Kh2 $1 Kh4 70. Kg2 $1 Kg5 71. Kh2 $1 Rf1 (71... Kf6 {is interesting.} 72. Kg2 Kf7 73. Ra6 Kf8 74. Ra8+ Kg7) 72. Rxa2 Kxg4 73. Kg2 Rf4 74. Ra8 Rf5 75. Ra4+ Rf4 76. Rxf4+ Kxf4 {And White is the lucky defender.  Weighted Error Value: White=0.18/Black=0.16} 1/2-1/2

[Event "ROU-ch Open 2021"]
[Site "Iasi"]
[Date "2021.04.24"]
[Round "8.13"]
[White "Daianu, Cristian-Clement"]
[Black "Nevednichy, Vladislav"]
[Result "1/2-1/2"]
[WhiteElo "2234"]
[BlackElo "2533"]
[Annotator "ChessBase"]
[PlyCount "67"]
[EventDate "2021.04.19"]
[EventType "swiss"]
[EventCountry "ROU"]
[SourceTitle "playchess.com"]
[Source "ChessBase"]
[SourceQuality "1"]
[TimeControl "5400+30"]

1. e4 {[%emt 0:05:52]} c5 {[%emt 0:00:00]} 2. Nf3 {[%emt 0:00:11]} e6 {[%emt 0:00:00]} 3. d4 {[%emt 0:00:06]} cxd4 {[%emt 0:00:00]} 4. Nxd4 {[%emt 0:00:06]} a6 {[%emt 0:00:00]} 5. Bd3 {[%emt 0:02:02]} Bc5 {[%emt 0:00:00]} 6. Nb3 {[%emt 0:04:50]} Ba7 {[%emt 0:00:01]} 7. f4 {[%emt 0:02:27]} d6 {[%emt 0:10:03]} 8. Qf3 {[%emt 0:02:23]} Nc6 {[%emt 0:00:13]} 9. Be3 {[%emt 0:01:59]} Bxe3 {[%emt 0:03:03]} 10. Qxe3 {[%emt 0:00:04]} Nf6 {[%emt 0:00:17]} 11. O-O {[%emt 0:03:26]} e5 {[%emt 0:02:32]} 12. Nc3 {[%emt 0:06:04]} exf4 {[%emt 0:19:48]} 13. Qxf4 {[%emt 0:00:50]} O-O {[%emt 0:00:27]} 14. Nd5 {[%emt 0:03:35]} Nxd5 {[%emt 0:02:10]} 15. exd5 {[%emt 0:06:39]} Ne5 {[%emt 0:00:06]} 16. Rad1 {[%emt 0:01:10]} Bd7 {[%emt 0:03:51]} 17. Kh1 {[%emt 0:08:25]} Qb6 {[%emt 0:17:19]} 18. Nd4 {[%emt 0:07:54]} g6 {[%emt 0:02:17]} 19. b3 {[%emt 0:09:15]} Rae8 {[%emt 0:04:31]} 20. h3 {[%emt 0:03:03]} Qa5 {[%emt 0:03:55]} 21. Nf3 {[%emt 0:04:04]} Nxf3 {[%emt 0:04:20]} 22. Qxf3 {[%emt 0:04:27]} Re5 {[%emt 0:04:51]} 23. Qf6 {[%emt 0:04:51]} Rxd5 {[%emt 0:03:13]} 24. Bc4 {[%emt 0:01:39]} Rf5 {[%emt 0:00:08]} 25. Rxf5 {[%emt 0:00:13]} Qxf5 {[%emt 0:02:19]} 26. Qxf5 {[%emt 0:00:07]} Bxf5 {[%emt 0:00:04]} 27. Rxd6 {[%emt 0:00:07]} Bxc2 {[%emt 0:06:11]} 28. Bd5 {[%emt 0:00:32]} b5 {[%emt 0:02:05]} 29. Rxa6 {[%emt 0:00:20]} Rd8 {[%emt 0:00:02]} 30. Bc6 {[%emt 0:03:43]} b4 {[%emt 0:00:19]} 31. a3 {[%emt 0:01:59]} bxa3 {[%emt 0:00:23]} 32. Rxa3 {[%emt 0:00:03]} Rd6 {[%emt 0:01:28]} 33. Bf3 {[%emt 0:00:26]} Bd1 {[%emt 0:02:40]} 34. Bxd1 {[%emt 0:00:37]} 1/2-1/2

[Event "ROU-ch Open 2021"]
[Site "Iasi"]
[Date "2021.04.24"]
[Round "8.14"]
[White "Zubcu, Vlad-George"]
[Black "Ognean, Mihnea-Ionut"]
[Result "1-0"]
[WhiteElo "2168"]
[BlackElo "2298"]
[Annotator "NA"]
[PlyCount "73"]
[EventDate "2021.04.19"]
[EventType "swiss"]
[EventCountry "ROU"]
[SourceTitle "playchess.com"]
[Source "ChessBase"]
[SourceQuality "1"]
[TimeControl "5400+30"]

1. e4 {[%emt 0:00:00]} c6 {[%emt 0:00:00]} 2. Nc3 {[%emt 0:00:00]} d5 {[%emt 0:00:01]} 3. Nf3 {[%emt 0:00:00]} Nf6 {[%emt 0:01:52]} 4. e5 {[%emt 0:03:13]} Ne4 {[%emt 0:00:05]} 5. d4 {[%emt 0:00:03]} Nxc3 {[%emt 0:00:22]} 6. bxc3 {[%emt 0:00:05]} c5 {[%emt 0:00:05]} 7. Be3 {[%emt 0:03:45]} c4 {[%emt 0:06:52]} 8. Be2 {[%emt 0:00:31]} Nc6 {[%emt 0:01:05]} 9. O-O {[%emt 0:01:27]} Bg4 {[%emt 0:14:28]} 10. Ng5 {[%emt 0:07:46]} Bxe2 {[%emt 0:00:08]} 11. Qxe2 {[%emt 0:00:01]} e6 {[%emt 0:00:21]} 12. f4 {[%emt 0:16:29]} Be7 {[%emt 0:08:05]} 13. Nh3 {[%emt 0:00:33]} Qa5 {[%emt 0:01:16]} 14. Bd2 {[%emt 0:02:30]} Qa4 {[%emt 0:02:45]} 15. f5 {[%emt 0:03:30]} Qxc2 {[%emt 0:15:50]} 16. f6 {[%emt 0:00:46]} gxf6 {[%emt 0:02:36]} 17. exf6 {[%emt 0:00:06]} Bd6 {[%emt 0:01:45]} 18. Ng5 {[%emt 0:00:39]} Nd8 {[%emt 0:05:15]} 19. Rac1 {[%emt 0:04:56]} Qg6 {[%emt 0:01:36]} 20. h4 {[%emt 0:01:06]} h5 {[%emt 0:09:16]} 21. Bf4 {[%emt 0:02:47]} Bf8 {[%emt 0:02:34]} 22. Qb2 {[%emt 0:02:00]} Kd7 {[%emt 0:12:41]} 23. Nf3 {[%emt 0:00:09]} Qxf6 {[%emt 0:02:57]} 24. Ne5+ {[%emt 0:01:21]} Kc8 {[%emt 0:00:30]} 25. Bg5 {[%emt 0:00:07]} Qg7 {[%emt 0:00:25]} 26. Bxd8 {[%emt 0:00:01]} f5 {[%emt 0:01:50]} 27. Bg5 {[%emt 0:00:42]} Bd6 {[%emt 0:00:06]} 28. Rce1 {[%emt 0:01:02]} Kc7 {[%emt 0:00:24]} 29. Re2 {[%emt 0:01:11]} Rhe8 {[%emt 0:00:25]} 30. Rb1 {[%emt 0:00:23]} Rab8 {[%emt 0:00:38]} 31. Qb5 {[%emt 0:00:20]} Bxe5 {[%emt 0:00:50]} 32. Rxe5 {[%emt 0:00:16]} Qd7 {[%emt 0:00:04]} 33. Qa5+ {[%emt 0:00:14]} b6 {[%emt 0:01:47]} 34. Qxa7+ {[%emt 0:00:04]} Rb7 {[%emt 0:00:02]} 35. Qa3 {[%emt 0:00:10]} Qd6 {[%emt 0:00:21]} 36. Qa4 {[%emt 0:00:47]} Qc6 {[%emt 0:00:13]} 37. Qd1 {[%emt 0:00:09]} 1-0

[Event "ROU-ch Open 2021"]
[Site "Iasi"]
[Date "2021.04.24"]
[Round "8.15"]
[White "Ignat, Matei-Marius"]
[Black "Gheorghiu, Calin"]
[Result "1-0"]
[WhiteElo "1978"]
[BlackElo "2283"]
[Annotator "NA"]
[PlyCount "69"]
[EventDate "2021.04.19"]
[EventType "swiss"]
[EventCountry "ROU"]
[SourceTitle "playchess.com"]
[Source "ChessBase"]
[SourceQuality "1"]
[TimeControl "5400+30"]

1. e4 {[%emt 0:00:00]} c5 {[%emt 0:00:00]} 2. Nf3 {[%emt 0:00:00]} d6 {[%emt 0:00:00]} 3. Bb5+ {[%emt 0:00:00]} Nd7 {[%emt 0:00:00]} 4. a4 {[%emt 0:00:00]} Ngf6 {[%emt 0:01:06]} 5. Nc3 {[%emt 0:00:19]} g6 {[%emt 0:00:21]} 6. O-O {[%emt 0:03:13]} Bg7 {[%emt 0:01:33]} 7. a5 {[%emt 0:02:22]} a6 {[%emt 0:00:22]} 8. Be2 {[%emt 0:00:39]} O-O {[%emt 0:01:09]} 9. d4 {[%emt 0:00:58]} cxd4 {[%emt 0:01:27]} 10. Qxd4 {[%emt 0:01:48]} Qc7 {[%emt 0:03:31]} 11. h3 {[%emt 0:20:36]} b5 {[%emt 0:14:57]} 12. axb6 {[%emt 0:01:23]} Nxb6 {[%emt 0:01:25]} 13. Be3 {[%emt 0:23:18]} Rb8 {[%emt 0:03:26]} 14. Qd3 {[%emt 0:18:53]} Nfd7 {[%emt 0:03:25]} 15. Bd4 {[%emt 0:03:02]} Nc5 {[%emt 0:28:11]} 16. Qe3 {[%emt 0:01:33]} Bb7 {[%emt 0:03:37]} 17. Nd2 {[%emt 0:02:08]} Bxd4 {[%emt 0:02:41]} 18. Qxd4 {[%emt 0:00:04]} e5 {[%emt 0:07:12]} 19. Qe3 {[%emt 0:01:49]} f5 {[%emt 0:06:18]} 20. f4 {[%emt 0:10:29]} Rbe8 {[%emt 0:03:17]} 21. exf5 {[%emt 0:03:08]} exf4 {[%emt 0:02:44]} 22. Qxf4 {[%emt 0:00:17]} Rxf5 {[%emt 0:00:03]} 23. Qg3 {[%emt 0:01:59]} Rfe5 {[%emt 0:05:03]} 24. Bf3 {[%emt 0:00:39]} Bxf3 {[%emt 0:00:32]} 25. Nxf3 {[%emt 0:00:29]} Re3 {[%emt 0:00:28]} 26. Rfe1 {[%emt 0:01:00]} Nc4 {[%emt 0:01:37]} 27. Rxe3 {[%emt 0:02:24]} Nxe3 {[%emt 0:00:05]} 28. Re1 {[%emt 0:00:01]} Qa7 {[%emt 0:03:39]} 29. Qf2 {[%emt 0:00:47]} Qe7 {[%emt 0:01:42]} 30. Nd5 {[%emt 0:00:34]} Nxd5 {[%emt 0:00:02]} 31. Rxe7 {[%emt 0:00:06]} Rxe7 {[%emt 0:00:03]} 32. Qd4 {[%emt 0:00:42]} Ne3 {[%emt 0:01:29]} 33. Qxd6 {[%emt 0:00:24]} Rd7 {[%emt 0:00:09]} 34. Qxc5 {[%emt 0:00:51]} Rd1+ {[%emt 0:00:05]} 35. Kf2 {[%emt 0:00:15]} 1-0

[Event "ROU-ch Open 2021"]
[Site "Iasi"]
[Date "2021.04.24"]
[Round "8.16"]
[White "Isfan, Ioan-Marius"]
[Black "Albu, George"]
[Result "0-1"]
[WhiteElo "2263"]
[BlackElo "2050"]
[Annotator "NA"]
[PlyCount "72"]
[EventDate "2021.04.19"]
[EventType "swiss"]
[EventCountry "ROU"]
[SourceTitle "playchess.com"]
[Source "ChessBase"]
[SourceQuality "1"]
[TimeControl "5400+30"]

1. d4 {[%emt 0:00:00]} Nf6 {[%emt 0:19:22]} 2. Nf3 {[%emt 0:00:00]} g6 {[%emt 0:00:24]} 3. Nbd2 {[%emt 0:00:00]} Bg7 {[%emt 0:00:15]} 4. e4 {[%emt 0:00:00]} d6 {[%emt 0:00:04]} 5. Bd3 {[%emt 0:00:00]} O-O {[%emt 0:00:12]} 6. O-O {[%emt 0:00:00]} Nc6 {[%emt 0:00:14]} 7. Re1 {[%emt 0:00:13]} e5 {[%emt 0:00:12]} 8. c3 {[%emt 0:00:17]} Nh5 {[%emt 0:00:30]} 9. Nb3 {[%emt 0:02:20]} Bg4 {[%emt 0:01:12]} 10. Be3 {[%emt 0:00:37]} exd4 {[%emt 0:08:36]} 11. cxd4 {[%emt 0:01:43]} d5 {[%emt 0:00:08]} 12. h3 {[%emt 0:02:01]} Bc8 {[%emt 0:05:55]} 13. e5 {[%emt 0:11:05]} f6 {[%emt 0:02:52]} 14. exf6 {[%emt 0:19:20]} Qxf6 {[%emt 0:01:26]} 15. Bg5 {[%emt 0:00:12]} Qf7 {[%emt 0:06:57]} 16. Rc1 {[%emt 0:00:38]} Nf4 {[%emt 0:08:41]} 17. Rxc6 {[%emt 0:04:36]} Nxh3+ {[%emt 0:00:45]} 18. gxh3 {[%emt 0:00:04]} bxc6 {[%emt 0:00:48]} 19. Nbd2 {[%emt 0:06:56]} Be6 {[%emt 0:04:23]} 20. Kh2 {[%emt 0:09:32]} Rae8 {[%emt 0:10:02]} 21. Be3 {[%emt 0:00:27]} Qd7 {[%emt 0:01:03]} 22. Ng5 {[%emt 0:00:55]} Qd6+ {[%emt 0:02:27]} 23. Kh1 {[%emt 0:01:30]} Bf5 {[%emt 0:02:32]} 24. Bxf5 {[%emt 0:05:26]} Rxf5 {[%emt 0:00:13]} 25. Rg1 {[%emt 0:00:15]} Qd7 {[%emt 0:07:40]} 26. Qg4 {[%emt 0:06:11]} c5 {[%emt 0:04:00]} 27. Nb3 {[%emt 0:06:11]} c4 {[%emt 0:00:13]} 28. Nc5 {[%emt 0:00:05]} Qd6 {[%emt 0:00:22]} 29. h4 {[%emt 0:00:51]} Bh6 {[%emt 0:07:08]} 30. Nge4 {[%emt 0:04:12]} Qf8 {[%emt 0:02:13]} 31. Ng3 {[%emt 0:02:20]} Rf7 {[%emt 0:01:27]} 32. Nd7 {[%emt 0:04:11]} Qe7 {[%emt 0:00:46]} 33. Nf5 {[%emt 0:00:35]} Rxf5 {[%emt 0:00:38]} 34. Bxh6 {[%emt 0:01:23]} Qxd7 {[%emt 0:00:10]} 35. h5 {[%emt 0:00:03]} Qe6 {[%emt 0:00:30]} 36. Bf4 {[%emt 0:00:47]} Qe4+ {[%emt 0:00:15]} 0-1